| 000 | 01223ngm a22003250a 4500 | ||
|---|---|---|---|
| 001 | PT16537 | ||
| 003 | AR-LpoUNG | ||
| 005 | 20210202000207.0 | ||
| 007 | vd cvaizq | ||
| 008 | 191001s2001||||ag |||||||||||||||||spa d | ||
| 037 | _c$8.30 | ||
| 040 |
_aAR-LpoUNG _bspa _cAR-LpoUNG _eaacr |
||
| 041 | _aspa | ||
| 044 | _aag | ||
| 082 | 0 | _a909 532V7 | |
| 245 | 1 | 3 |
_aLa decadencia de Roma : _bla caída de Roma |
| 260 |
_aBuenos Aires : _bKalender Video Argentina, _c2001. |
||
| 300 | _aVHS (56 min.) : son., byn, col. | ||
| 520 | _aLa paz romana conseguida por Adriano terminó por colapsar. Los bárbaros avanzaban desde el centro y el Norte de Europa sobre Roma, que empezó a transitar el camino de la decadencia. El tema del segundo programa trata la caída de Roma, divididos, corroída por la corrupción y las luchas entre generales de las legiones elegidos emperadores por la fuerza, mientras el Imperio caía irremediablemente. | ||
| 650 | 4 | _aACULTURACION | |
| 650 | 4 | _aCORRUPCION | |
| 650 | 4 | _aCULTURA | |
| 650 | 4 | _aEUROPA | |
| 650 | 4 | _aHISTORIA SOCIAL | |
| 650 | 4 | _aPROBLEMAS SOCIALES | |
| 653 | _aVIDEOS | ||
| 710 | 2 | _aMetropolitan Museum of Art (New York) | |
| 905 | _a16537 | ||
| 942 | _cVIDEO | ||
| 999 |
_c54318 _d54318 |
||